000 00431nam a2200157Ia 4500
999 _c10
_d10
003 OSt
005 20201106102327.0
008 190216s9999||||xx |||||||||||||| ||und||
040 _coclc
082 _a892.709
_bGIB/A
100 _aGibb,H.A.R
_96308
245 0 _aArabic Literature /
_cH.A.R.Gibb
260 _bOxford press,
_aLondon:
_c1963.
300 _a182p
942 _cBK
_2ddc
_h892.709
_iGIB/A
_k892.709
_mGIB/A